| 000 | 01441nam0a2200277 4500 | ||
|---|---|---|---|
| 001 | RU\NLR\bibl\313827 | ||
| 005 | 20260407123833.0 | ||
| 035 | _a(NLR Aleph) 000308926 | ||
| 090 |
_a28478 _c28478 |
||
| 100 | _a20021003d2000 |||y0rusy50 ca | ||
| 101 | 0 | _arus | |
| 102 | _aRU | ||
| 105 | _ay ||||||||| | ||
| 200 | 1 |
_aКомплексная детоксикационная терапия в острых периодах ожоговой болезни _eПособие для врачей _fМ-во здравоохранения Рос. Федерации, Нижегор. НИИ травматологии и ортопедии _g[Д.м.н., проф. Г.Я. Левин и др.] |
|
| 210 |
_aН.Новгород _cНижегор. НИИ травматологии и ортопедии _d2000 |
||
| 215 |
_a14 с. _d21 |
||
| 320 | _aБиблиогр.: с. 14 (7 назв.) | ||
| 606 | 0 |
_aОжоговая болезнь _jМетодические пособия _xДетоксикация _9946550 _3RU\NLR\auth\66351053 |
|
| 686 | _aР458.154.1-58я8 | ||
| 702 | 1 |
_4070 _8rus _7ca _aЛевин _bГ. Я. _cд-р мед. наук _gГригорий Яковлевич _3RU\NLR\auth\7717839 _9924 |
|
| 712 | 0 | 2 |
_4570 _aНижегородский НИИ травматологии и ортопедии _3RU\NLR\AUTH\889964153 _9424524 |
| 801 | 0 |
_aRU _bNLR _c20021003 _gPSBO |
|
| 801 | 1 |
_aRU _bNLR _c20021003 |
|
| 942 | _cBOOK | ||
| 980 | _aNB | ||